LEADER 01337nam a2200289 u 4500 001 000000042215 003 CaOOAMICUS 005 20070226114312.0 008 990223s1947 bl u000 u eng u 035 $a10815167 040 $aPUL(R)$bita 041 1 $aeng$hpor 100 1 $aNobre, Fernando.$0(OLS)http://pul/name/31017 245 14$aThe demophile government for universal peace :$ba bio-sociological essay on the application of science to a politico-social organization /$cFernando Nobre ; translated from the portuguese by John H and Isabel Corless. 260 $aSāo Paulo :$b[s.n.],$c1947. 300 $a173 p. ;$c23 cm 490 1 $aFides 504 $aBibliografia in nota. 650 4$aPace internazionale.$0(OLS)http://pul/subject/18832 700 1 $aCorless, Isabel.$0(OLS)http://pul/name/31018 830 0$aFides.$0(OLS)http://pul/title/152 850 $aPUL 852 $aPUL$W1$xDP1 Cons. Gen., Altre Classi 1$y22$m44 C 17$j57102$nBK-PRI$b $qStampati$B57102$CPULBib$Z2$F57102 $H $81 941 1 $a8 961 $aINV: 21644 996 $6245$aThe demophile government for universal peace :$ba bio-sociological essay on the application of science to a politico-social organization$9(OLS)http://pul/title/56945 996 $6260$aSāo Paulo :$b[s.n.]$9(OLS)http://pul/publisher/56927 LEADER 01673nam a2200361 a 4500 001 000000151014 003 CaOOAMICUS 005 20160405092715.0 008 160405s2016 vc u000 u ita r 020 $a978-88-465-1063-1* 032 $aLibriCat 040 $aPUL$bita 041 1 $aita$hger 082 04$a230 100 1 $aIvįnka, Endre von,$d1902-1974.$0(OLS)http://pul/name/41075 240 10$aHellenisches und Christliches im frühbyzantinischen Geistesleben.$lItaliano.$0(OLS)http://pul/title/190200 245 10$aBisanzio :$bluogo d'incontro tra pensiero greco e fede cristiana /$cEndre von Ivanka ; a cura di Michael Konrad. 260 $aCittą del Vaticano :$bLateran University Press,$c2016. 300 $a193 p. ;$c22 cm. 490 1 $aMemoria viva ;$v11 504 $aBibliografia in nota. 650 4$aEresie ed eretici$ySec. IV-VIII.$0(OLS)http://pul/subject/43256 651 4$aBisanzio$ySec. IV-VIII.$0(OLS)http://pul/subject/43255 700 1 $aKonrad, Michael,$csac.,$d1966-$0(OLS)http://pul/name/38767 830 0$aMemoria viva (Lateran University Press) ;$v11.$0(OLS)http://pul/title/137158 850 $aPUL 852 $aPUL$W1$xSL Religione 3$y85$m230 COLL 1.11$j173405$qDDC 21$B175672$CPULBib$Z2$F175672 $H127531 $81 941 1 $a9 996 $6020$a978-88-465-1063-1*$9(OLS)http://pul/number/160194 996 $6082$a230$9(OLS)http://pul/classification/368 996 $6245$aBisanzio :$bluogo d'incontro tra pensiero greco e fede cristiana$9(OLS)http://pul/title/190201 996 $6260$aCittą del Vaticano :$bLateran University Press$9(OLS)http://pul/publisher/74585